Modern primitives : naive painting from the late seventeenth century until the present day

Αποθηκεύτηκε σε:
Λεπτομέρειες βιβλιογραφικής εγγραφής
Κύριος συγγραφέας: Bihalji-Merin, Oto 1904-
Μορφή: Βιβλίο
Γλώσσα:English
Δημοσίευση: London : Thames and Hudson, 1971
Θέματα:
Ετικέτες: Προσθήκη ετικέτας
Δεν υπάρχουν, Καταχωρήστε ετικέτα πρώτοι!

MARC

LEADER 00000cam a2200000 i 4500
001 1/43254
008 961105s1971 eng d
020 |a 0-500-23157-5 
035 |l 10025740 
040 |a GR-MY-UA  |b gre  |e aacr 
041 0 |a eng 
082 0 |a 759.06 
100 1 |a Bihalji-Merin, Oto  |d 1904- 
245 1 0 |a Modern primitives :  |b naive painting from the late seventeenth century until the present day /  |c Oto Bihalji-Merin 
260 |a London :   |b Thames and Hudson,   |c 1971 
300 |a 304 p.;  |b ill.;  |c 32 cm 
504 |a Includes index 
650 0 0 |a Primitivism in art. 
650 0 0 |a Painting, Modern. 
852 |a INST  |b CHIOS  |e 19961105  |h 759.06 BIH  |p 005200011108  |q 005200011108  |t BK  |y 0 
901 |a BIBL2-2000-2 
909 |a Χ  |b 047762 
970 |z 2000/08/ΔΕΜΕΝΑΓΑΣ